[Event "Oviedo op 8th"]
[Site "Oviedo"]
[Date "2022.07.21"]
[Round "7"]
[White "Cueva Escandon, Jose Manuel"]
[Black "Prochaieva, Nina"]
[Result "0-1"]
[WhiteElo "1491"]
[BlackElo "1166"]
[PlyCount "106"]
[EventDate "2022.07.17"]
[EventType "swiss"]
[EventRounds "9"]
[EventCountry "ESP"]
[SourceTitle "CBM 209 Extra"]
[Source "ChessBase"]
[SourceDate "2022.09.30"]
[SourceVersion "1"]
[SourceVersionDate "2022.09.30"]
[SourceQuality "1"]

1. d4 d6 2. Nf3 g6 3. g3 Bg7 4. Bg2 Nd7 5. c4 e5 6. Nc3 Ne7 7. 0-0 0-0 8. e4 h6 9. h3 f5 10. exf5 gxf5 11. dxe5 dxe5 12. Re1 c6 13. Nh4 f4 14. Ne4 Nf6 15. Qxd8 Rxd8 16. gxf4 Nxe4 17. Bxe4 Bxh3 18. fxe5 Rd4 19. b3 Rad8 20. Bb2 Rd2 21. Bc3 R2d7 22. Kh2 Bg4 23. Rg1 Bh5 24. Rxg7+ Kxg7 25. e6+ Rd4 26. Nf5+ Nxf5 27. Bxf5 Kf6 28. Bh3 Ke7 29. Bxd4 Rxd4 30. a3 Rd2 31. Kg1 Rd3 32. Kh2 Rxb3 33. Ra2 Rc3 34. Rd2 Be8 35. Rd4 h5 36. a4 Ra3 37. c5 Rc3 38. Rb4 b5 39. cxb6 axb6 40. Rxb6 Ra3 41. Ra6 Ra2 42. Kg2 c5 43. a5 c4 44. Rb6 Rxa5 45. Rb1 c3 46. Rc1 Rc5 47. Kf3 c2 48. Ke4 Bg6+ 49. Kd4 Rb5 50. Kc3 Rc5+ 51. Kb4 Rd5 52. Kc3 Rd3+ 53. Kxc2 Rxh3+ 0-1